<?xml version="1.0" encoding="UTF-8"?>
<record
    xmlns:xsi="http://www.w3.org/2001/XMLSchema-instance"
    xsi:schemaLocation="http://www.loc.gov/MARC21/slim http://www.loc.gov/standards/marcxml/schema/MARC21slim.xsd"
    xmlns="http://www.loc.gov/MARC21/slim">

  <leader>01344    a2200205   4500</leader>
  <controlfield tag="001">35549</controlfield>
  <controlfield tag="005">20260407155636.0</controlfield>
  <controlfield tag="008">260407a1979    arg                 spa d</controlfield>
  <controlfield tag="003">AR-UNSa-BCEJYS</controlfield>
  <datafield tag="040" ind1=" " ind2=" ">
    <subfield code="a">AR-UNSa-BCEJYS</subfield>
    <subfield code="b">spa</subfield>
    <subfield code="c">AR-UNSa-BCEJYS</subfield>
  </datafield>
  <datafield tag="080" ind1=" " ind2=" ">
    <subfield code="a">658.012.32</subfield>
    <subfield code="x">Formas de organizaci&#xF3;n, de gesti&#xF3;n</subfield>
  </datafield>
  <datafield tag="245" ind1="1" ind2="0">
    <subfield code="a">T&#xE9;cnicas de direcci&#xF3;n de personal</subfield>
    <subfield code="p">manual de personal</subfield>
  </datafield>
  <datafield tag="020" ind1=" " ind2=" ">
    <subfield code="a">968-18-0264-0</subfield>
  </datafield>
  <datafield tag="264" ind1=" " ind2="1">
    <subfield code="a">M&#xE9;xico :</subfield>
    <subfield code="b">Limusa</subfield>
    <subfield code="c">1979</subfield>
  </datafield>
  <datafield tag="300" ind1=" " ind2=" ">
    <subfield code="a">471 p.</subfield>
    <subfield code="c">23 cm.</subfield>
  </datafield>
  <datafield tag="505" ind1=" " ind2=" ">
    <subfield code="a">1. Administraci&#xF3;n de personal - 2. Admisi&#xF3;n y contrataci&#xF3;n de personal - 3. M&#xE9;todos modernos de selecci&#xF3;n del personal - 4. Formaci&#xF3;n del personal - 5. Vinculaci&#xF3;n a la empresa - 6. Valoraci&#xF3;n de tareas - 7. M&#xE9;todos de estimaci&#xF3;n de tareas - 8. El sistema de puntos aplicados a la evaluaci&#xF3;n de tareas - 9. Inventario del potencial humano - 10. Estructura de salarios - 11.  Escalas de salarios - 12. Administraci&#xF3;n de salarios - 13. Est&#xED;mulos verticales - 14. Sistemas modernos de incentivos - 15. Servicios y beneficios complementarios - 16. Sistema de informaci&#xF3;n - 17. &#xC9;tica y espiritu de equipo - 18. Organizaci&#xF3;n formal e informal - 19. Relaciones laborales - 20. Normas y reglamentos - 21. Factores fisiol&#xF3;gicos - 22. Ruidos.</subfield>
  </datafield>
  <datafield tag="942" ind1=" " ind2=" ">
    <subfield code="c">BK</subfield>
  </datafield>
  <datafield tag="590" ind1=" " ind2=" ">
    <subfield code="a">niveau_biblio:m niveau_hierar:0</subfield>
  </datafield>
  <datafield tag="100" ind1="1" ind2=" ">
    <subfield code="a">Lucas Ortueta, Ram&#xF3;n de</subfield>
  </datafield>
  <datafield tag="999" ind1=" " ind2=" ">
    <subfield code="c">2566</subfield>
    <subfield code="d">2566</subfield>
  </datafield>
  <datafield tag="952" ind1=" " ind2=" ">
    <subfield code="0">0</subfield>
    <subfield code="1">0</subfield>
    <subfield code="4">0</subfield>
    <subfield code="7">0</subfield>
    <subfield code="a">BCEJYS</subfield>
    <subfield code="b">BCEJYS</subfield>
    <subfield code="c">16</subfield>
    <subfield code="d">2026-04-07</subfield>
    <subfield code="l">0</subfield>
    <subfield code="o">658.012.32 L933</subfield>
    <subfield code="p">L33897</subfield>
    <subfield code="r">2026-04-07 15:56:36</subfield>
    <subfield code="w">2026-04-07</subfield>
    <subfield code="y">L</subfield>
  </datafield>
  <datafield tag="952" ind1=" " ind2=" ">
    <subfield code="0">0</subfield>
    <subfield code="1">0</subfield>
    <subfield code="4">0</subfield>
    <subfield code="7">0</subfield>
    <subfield code="a">BCEJYS</subfield>
    <subfield code="b">BCEJYS</subfield>
    <subfield code="c">16</subfield>
    <subfield code="d">2026-04-07</subfield>
    <subfield code="l">0</subfield>
    <subfield code="o">658.012.32 L933</subfield>
    <subfield code="p">L33825</subfield>
    <subfield code="r">2026-04-07 15:56:36</subfield>
    <subfield code="w">2026-04-07</subfield>
    <subfield code="y">L</subfield>
  </datafield>
</record>
